| 000 | 00647nam a2200193Ii 4500 | ||
|---|---|---|---|
| 003 | JO-AjNU | ||
| 008 | 230605s9999||||xx |||||||||||||| ||und|| | ||
| 040 |
_aJO-AjNU _bara _erda _cJO-AjNU |
||
| 041 | _aara | ||
| 050 | 1 | 4 | _aHV 6025.J34.1987 |
| 100 | 3 |
_aثروت، جلال, _eauthor _937896 |
|
| 245 | 0 | 0 | _aالظاهرة الاجرامية: دراسة في علم العقاب |
| 264 | 3 | 1 | _aد.م: د.ن ، 1987 |
| 300 |
_a329ص _bيحتوي على ببلوغرافية من 321-329ص |
||
| 336 |
_atext _btxt _2rdacontent |
||
| 337 |
_aunmediated _bn _2rdamedia |
||
| 338 |
_avolume _bnc _2rdacarrier |
||
| 650 | 4 |
_aعلم الاجرام _937897 |
|
| 999 |
_aA15876 _c19444 _d19444 |
||